[Event "Match"]
[Site "www.echecsemail.com"]
[Date "2017.07.11"]
[Round "1"]
[White "Cjood"]
[Black "Liencam2"]
[WhiteElo "1920"]
[BlackElo "2250"]
[Result "0-1"]
[Round "1"]
1.e4 c5
2.f4 Nb8c6
3.Ng1f3 g6
4.c3 d5
5.exd5 Qd8xd5
6.Bf1e2 Bf8g7
7.a4 Ng8f6
8.b3 Bc8e6
9.Be2c4 Qd5e4
10.Bc4e2 Qe4xf4
11.d3 Qf4c7
12.O-O O-O
13.Nf3g5 Be6f5
14.Bc1f4 e5
15.Bf4e3 b6
16.Nb1d2 Nf6d5
17.Be2h5 Nd5xe3
18.Qd1f3 Ne3xf1
19.Ra1xf1 Qc7e7
20.Qf3xc6 Qe7xg5
21.Bh5f3 Qg5xd2
{ resign }
0-1

[Event "Match"]
[Site "www.echecsemail.com"]
[Date "2017.07.11"]
[Round "1"]
[White "Billyg"]
[Black "Raulazo"]
[WhiteElo "1680"]
[BlackElo "1860"]
[Result "0-1"]
[Round "1"]
1.e4 e5
2.Ng1f3 Nb8c6
3.d4 Bf8b4
4.c3 Bb4a5
5.dxe5 Ng8e7
6.Qd1b3 h6
7.Bf1b5 Ba5b6
8.Bb5c4 O-O
9.O-O Nc6a5
10.Qb3a4 Ne7g6
11.Nb1d2 d6
12.b4 Na5c6
13.Rf1d1 Bc8d7
14.b5 Nc6e7
15.exd6 cxd6
16.Bc1a3 Bd7g4
17.h3 Bg4xf3
18.Nd2xf3 Kh8
19.e5 f5
20.g3 Rf8e8
21.Rd1xd6 Qd8c8
22.Ra1c1 Bb6c7
23.Rd6e6 Ng6f8
24.Re6xe7 f4
25.Re7xe8 Qc8xe8
26.gxf4 Qe8g6
27.Kh2 Qg6f5
28.Bc4b3 Qf5d3
29.Kg2 Qd3g6
30.Kh2 Nf8d7
31.Nf3h4 Qg6e8
32.Nh4g6 Qe8xg6
33.Bb3d5 Nd7b6
34.Qa4d4 Nb6d7
35.Bd5xb7 Ra8d8
36.Qd4xa7 Bc7b6
37.Qa7a4 Bb6c5
38.Ba3xc5 Nd7xc5
39.Qa4a5 Nc5xb7
40.Qa5c7 Qg6e4
41.e6 Rd8e8
42.Kg1 Re8xe6
43.f5 Re6e7
44.Qc7c8 Re7e8
45.Qc8d7 Nb7c5
46.Qd7d4 Qe4e7
47.Kf1 Qe7e2
48.Kg1 Nc5d3
49.Rc1f1 Nd3e5
50.f3 Ne5xf3
{ resign }
0-1

[Event "Match"]
[Site "www.echecsemail.com"]
[Date "2017.07.11"]
[Round "1"]
[White "Mitja"]
[Black "Bojan"]
[WhiteElo "2010"]
[BlackElo "1940"]
[Result "1/2-1/2"]
[Round "1"]
1.d4 g6
2.e3 d5
3.c3 Bf8g7
4.h3 Qd8d6
5.Nb1d2 Bc8f5
6.Nd2b3 b6
7.Ng1e2 f6
8.Ne2g3 Bf5e6
9.Bf1e2 f5
10.Be2d3 Ng8f6
11.Bd3c2 Nb8d7
12.Ng3e2 c5
13.dxc5 Nd7xc5
14.Nb3xc5 Qd6xc5
15.Ne2d4 Be6d7
16.Bc2a4 Ra8d8
17.Nd4e6 Qc5a5
18.Ba4xd7 Rd8xd7
19.Ne6xg7 Kf7
20.Ng7xf5 gxf5
21.Qd1e2 Rh8g8
22.g3 e5
23.O-O Ke6
24.b4 Qa5a4
25.a3 Qa4c6
26.Bc1b2 Rd7g7
27.Kh2 Rg7g6
28.Rf1g1 Nf6e4
29.Ra1c1 Ne4d6
30.Rc1d1 Nd6c4
31.Rd1b1 Nc4xb2
32.Qe2xb2 b5
33.Rb1d1 Qc6c4
34.Qb2d2 Rg8d8
35.f4 Qc4e4
36.Qd2f2 Rd8c8
37.Rd1c1 a6
38.fxe5 Qe4xe5
39.Qf2d2 h5
40.h4 Rc8g8
41.Qd2f2 Rg6g4
42.Kh3 Rg8c8
43.Rg1d1 Rc8g8
44.Rd1g1 Rg4c4
45.Qf2e1 Rg8c8
46.Qe1e2 Rc8h8
47.Qe2d2 Kf6
48.Rg1d1 Rh8d8
49.Qd2e1 Qe5e4
50.Rd1d4 Rc4xd4
51.cxd4 Qe4g4
52.Kh2 Rd8d6
53.Rc1c7 Qg4f3
54.Rc7c5 Rd6e6
55.Rc5c3 Ke7
56.Rc3c7 Kd8
57.Qe1c1 Qf3e2
58.Kh3 Qe2g4
59.Kg2 Qg4e2
60.Kh3 Qe2g4
61.Kh2 Qg4e2
{ draw }
1/2-1/2

[Event "Match"]
[Site "www.echecsemail.com"]
[Date "2017.07.11"]
[Round "1"]
[White "Bojan"]
[Black "Mitja"]
[WhiteElo "1950"]
[BlackElo "2020"]
[Result "0-1"]
[Round "1"]
1.b4 d5
2.d4 e6
3.a3 c6
4.Ng1f3 h6
5.Qd1d3 Qd8f6
6.Bc1f4 Qf6xf4
7.Nb1d2 Qf4f6
8.e4 dxe4
9.Nd2xe4 Qf6e7
10.Bf1e2 Ng8f6
11.Ne4xf6 Qe7xf6
12.c3 b6
13.Nf3e5 Bc8b7
14.Be2f3 Bf8d6
15.Ne5g4 Qf6e7
16.h3 Nb8d7
17.O-O Nd7f6
18.c4 Nf6xg4
19.Bf3xg4 O-O
20.Rf1e1 Bd6c7
21.Bg4d1 f5
22.Bd1f3 Ra8d8
23.Ra1d1 Qe7f6
24.Rd1d2 Bb7a8
25.Rd2e2 Rd8xd4
26.Qd3c2 Rf8e8
27.c5 b5
28.Qc2b3 Kf7
29.a4 a6
30.Re2e3 Bc7f4
31.Re3xe6 Re8xe6
32.axb5 axb5
33.Re1a1 Kg6
34.g3 Bf4d2
35.Ra1xa8 Bd2xb4
36.Qb3c2 Rd4c4
37.Qc2a2 Bb4xc5
38.Ra8c8 Rc4c1
39.Kg2 h5
40.Qa2d2 Qf6d4
41.Qd2a2 Qd4c4
{ resign }
0-1

[Event "Match"]
[Site "www.echecsemail.com"]
[Date "2017.07.11"]
[Round "1"]
[White "Cjood"]
[Black "Pinehill"]
[WhiteElo "1920"]
[BlackElo "2030"]
[Result "0-1"]
[Round "1"]
1.Ng1f3 Ng8f6
2.d4 e6
3.Nb1c3 c5
4.e4 cxd4
5.Nf3xd4 Nb8c6
6.Nd4xc6 bxc6
7.Bc1e3 Bf8b4
8.Bf1d3 O-O
9.Qd1d2 d5
10.exd5 exd5
11.Be3d4 Rf8e8
12.Bd3e2 Nf6e4
13.Qd2d3 c5
14.Bd4e3 d4
15.O-O-O Ne4xc3
16.bxc3 Bb4a3
17.Kb1 Ra8b8
18.Ka1 Qd8b6
19.Rd1b1 Ba3b2
{ resign }
0-1

[Event "Match"]
[Site "www.echecsemail.com"]
[Date "2017.07.11"]
[Round "1"]
[White "Krystek23"]
[Black "Cjood"]
[WhiteElo "2380"]
[BlackElo "1880"]
[Result "1-0"]
[Round "1"]
1.c4 c5
2.Nb1c3 Nb8c6
3.Ng1f3 Ng8f6
4.g3 g6
5.Bf1g2 e6
6.d4 cxd4
7.Nf3xd4 Nc6xd4
8.Qd1xd4 Bf8g7
9.Bc1g5 O-O
10.Qd4h4 h5
11.O-O Ra8b8
12.Nc3e4 Qd8c7
13.Ne4xf6 Bg7xf6
14.Bg5xf6 b5
15.Qh4g5 Kh7
16.Bg2e4 Qc7xc4
17.Qg5xh5 { resign }
1-0

[Event "Match"]
[Site "www.echecsemail.com"]
[Date "2017.07.11"]
[Round "1"]
[White "Pinehill"]
[Black "Cjood"]
[WhiteElo "2010"]
[BlackElo "1960"]
[Result "1-0"]
[Round "1"]
1.e4 e5
2.d4 exd4
3.Bf1c4 Nb8c6
4.Ng1f3 h6
5.O-O Bf8c5
6.c3 dxc3
7.Nb1xc3 Ng8f6
8.e5 Nf6g8
9.Bc4xf7 Kxf7
10.Qd1d5 Ke8
11.Qd5xc5 b6
12.Qc5a3 Ng8e7
13.Qa3a4 Bc8b7
14.Bc1f4 a6
15.Bf4e3 b5
16.Qa4g4 Bb7c8
17.Qg4xg7 Rh8g8
18.Qg7xh6 d5
19.e6 d4
20.Be3g5 dxc3
21.Ra1d1 Qd8xd1
22.Rf1xd1 c2
23.Rd1c1 Bc8xe6
24.Qh6xe6 Ra8d8
25.Bg5d2 Rd8xd2
26.Nf3xd2 Nc6d4
27.Qe6e5 c5
28.Kf1 { resign }
1-0

[Event "Match"]
[Site "www.echecsemail.com"]
[Date "2017.07.11"]
[Round "1"]
[White "Emmanuel69"]
[Black "Cjood"]
[WhiteElo "1920"]
[BlackElo "2000"]
[Result "1/2-1/2"]
[Round "1"]
1.c4 g6
2.d4 Bf8g7
3.e4 d6
4.h3 e6
5.Ng1f3 b6
6.Nb1c3 Bc8b7
7.Bf1e2 Nb8d7
8.O-O Ng8e7
9.Rf1e1 c6
10.Be2f1 O-O
11.Bc1f4 Ne7c8
12.g3 e5
13.dxe5 Nd7xe5
14.Nf3xe5 dxe5
15.Bf4c1 Qd8xd1
16.Re1xd1 f5
17.Bf1g2 fxe4
18.Bg2xe4 Nc8e7
{ draw }
1/2-1/2

[Event "Fast Game"]
[Site "www.echecsemail.com"]
[Date "2017.07.11"]
[Round "1"]
[White "Cal"]
[Black "Cjood"]
[WhiteElo "1690"]
[BlackElo "1740"]
[Result "1-0"]
[Round "1"]
1.e4 c5
2.Bf1c4 e6
3.Nb1c3 a6
4.Ng1f3 b5
5.Bc4b3 c4
6.Bb3xc4 bxc4
7.a3 Bf8c5
8.d3 Qd8b6
9.d4 Bc5e7
10.O-O Bc8b7
11.Ra1b1 f6
12.Qd1e2 d5
13.exd5 exd5
14.Bc1f4 Nb8d7
15.h3 O-O-O
16.b3 cxb3
17.Rb1xb3 Qb6a7
18.Rf1b1 Bb7c6
19.Qe2e6 Bc6b7
20.Rb3xb7 Qa7xb7
21.Rb1xb7 Kxb7
22.a4 Nd7b6
23.a5 Nb6c4
24.Nc3xd5 Be7a3
25.Bf4c7 Rd8c8
26.Qe6d7 Ng8h6
27.Bc7b6 { resign }
1-0

[Event "Tourn. n9376"]
[Site "www.chess-mail.com"]
[Date "2017.07.12"]
[Round "1"]
[White "Bojan"]
[Black "Falcoale"]
[WhiteElo "1990"]
[BlackElo "2010"]
[Result "1-0"]
[Round "1"]
1.e4 c5
2.Ng1f3 Nb8c6
3.c3 e6
4.d4 cxd4
5.Nf3xd4 a6
6.Bc1e3 Ng8f6
7.Qd1d3 Nc6e5
8.Qd3c2 b5
9.f3 Bf8e7
10.a3 Bc8b7
11.Nb1d2 O-O
12.Be3f4 d6
13.Bf1e2 Ra8c8
14.Bf4e3 Nf6d7
15.f4 Ne5c4
16.Nd2xc4 bxc4
17.Be2f3 Be7h4
18.g3 Bh4e7
19.O-O e5
20.Nd4f5 Nd7c5
21.Nf5xe7 Qd8xe7
22.Rf1d1 f5
23.fxe5 fxe4
24.Bf3g4 Rc8d8
25.exd6 Rd8xd6
26.Rd1f1 Nc5d3
27.Rf1xf8 Qe7xf8
28.b3 cxb3
29.Qc2xb3 Bb7d5
30.Qb3c2 Bd5e6
31.Ra1f1 Qf8e8
32.Bg4xe6 Qe8xe6
33.c4 Qe6g6
34.Rf1b1 h6
35.c5 Rd6c6
36.Qc2c4 Kh7
37.Be3d4 Qg6f5
38.Rb1f1 Qf5g6
39.Rf1f7 Qg6g4
40.Rf7xg7 Qg4xg7
41.Bd4xg7 Kxg7
42.Qc4xe4 Nd3xc5
43.Qe4xc6 { resign }
1-0

[Event "Tourn. n9429"]
[Site "www.chess-mail.com"]
[Date "2017.07.12"]
[Round "1"]
[White "Cjood"]
[Black "Xkafi"]
[WhiteElo "2000"]
[BlackElo "2050"]
[Result "0-1"]
[Round "1"]
1.c4 e5
2.Nb1c3 c6
3.e4 Ng8f6
4.Qd1c2 Bf8c5
5.Ng1f3 d6
6.a3 h6
7.b4 Bc5b6
8.a4 a6
9.a5 Bb6a7
10.h3 Nb8d7
11.d3 b6
12.axb6 Qd8xb6
13.Bc1a3 Nf6h5
14.Ra1b1 Nh5f4
15.c5 dxc5
16.bxc5 Qb6a5
17.Ba3b4 Qa5c7
18.Qc2a2 Nd7xc5
19.Bb4a5 Qc7d6
20.Ba5b4 Nc5xd3
{ resign }
0-1

[Event "Tourn. n9426"]
[Site "www.chess-mail.com"]
[Date "2017.07.12"]
[Round "1"]
[White "Cjood"]
[Black "Falcoale"]
[WhiteElo "1960"]
[BlackElo "1960"]
[Result "1/2-1/2"]
[Round "1"]
1.Ng1f3 f5
2.c4 b6
3.g3 Bc8b7
4.Bf1g2 Nb8c6
5.e3 Ng8f6
6.d4 e6
7.Nb1c3 Bf8e7
8.Qd1e2 O-O
9.a3 Nf6e4
10.Nc3xe4 fxe4
11.Nf3d2 d5
12.cxd5 exd5
13.O-O a5
14.b3 Bb7a6
15.Nd2c4 dxc4
16.bxc4 Ra8b8
17.Bg2xe4 Nc6a7
18.Qe2h5 g6
19.Be4xg6 hxg6
20.Qh5xg6 Kh8
21.Qg6h6 { draw }
1/2-1/2

[Event "Tourn. n9337"]
[Site "www.chess-mail.com"]
[Date "2017.07.12"]
[Round "1"]
[White "Falcoale"]
[Black "Aiko1603"]
[WhiteElo "1950"]
[BlackElo "1980"]
[Result "1-0"]
[Round "1"]
1.e4 c5
2.Ng1f3 Nb8c6
3.b3 d6
4.Bc1b2 Ng8f6
5.Bf1e2 g6
6.O-O Bf8g7
7.d3 O-O
8.Nb1c3 a6
9.Nc3d5 Nf6xd5
10.Bb2xg7 Nd5e3
11.fxe3 Kxg7
12.Qd1d2 Bc8e6
13.d4 cxd4
14.exd4 d5
15.e5 Qd8b6
16.c3 Ra8c8
17.Nf3g5 Nc6xe5
18.Rf1f2 Ne5d7
19.Ng5xe6 Qb6xe6
20.Ra1e1 Qe6d6
21.Be2g4 f5
22.Bg4d1 Nd7f6
23.Qd2b2 Nf6g4
24.Bd1xg4 fxg4
25.Rf2e2 Rf8f7
26.Re2e6 Qd6d7
27.Qb2e2 Kf8
28.Qe2xg4 Rc8xc3
29.Qg4h4 Rc3c7
30.Re6e2 Qd7d6
31.Re2e6 Qd6f4
32.Qh4xf4 Rf7xf4
33.Re1d1 Rc7c2
34.Re6e5 Rf4f5
35.a4 Rf5f2
36.Re5xd5 Rf2xg2
37.Kh1 Rg2xh2
38.Kg1 Rh2h3
39.Rd5d8 Kg7
40.Rd8d7 Rh3xb3
41.Rd7xe7 Kh6
42.d5 Rc2c8
43.d6 Rc8d8
44.d7 { resign }
1-0

[Event "Tourn. n9418"]
[Site "www.chess-mail.com"]
[Date "2017.07.12"]
[Round "1"]
[White "Quaff"]
[Black "Sorim"]
[WhiteElo "1810"]
[BlackElo "1850"]
[Result "1-0"]
[Round "1"]
1.e4 e5
2.Ng1f3 Ng8f6
3.d3 Nb8c6
4.Bc1g5 Bf8e7
5.Bf1e2 O-O
6.Bg5xf6 Be7xf6
7.h3 d5
8.exd5 Qd8xd5
9.Nb1c3 Qd5a5
10.O-O e4
11.dxe4 Bf6xc3
12.bxc3 Qa5xc3
13.Be2d3 Bc8e6
14.Nf3h2 Nc6d4
15.f4 Rf8d8
16.f5 Be6c4
17.Bd3xc4 Qc3xc4
18.Rf1f2 Nd4xf5
19.Qd1e2 Qc4d4
20.exf5 Qd4xa1
21.Rf2f1 Qa1xa2
22.f6 Rd8d6
23.fxg7 Rd6e6
24.Qe2f2 Re6g6
25.Nh2g4 Rg6xg7
26.Ng4h6 Kf8
27.Qf2c5 Ke8
28.Rf1e1 Kd7
29.Re1e7 Kc8
30.Qc5xc7 
1-0

[Event "Tourn. n9432"]
[Site "www.chess-mail.com"]
[Date "2017.07.12"]
[Round "1"]
[White "Madz123456"]
[Black "Cjood"]
[WhiteElo "1940"]
[BlackElo "1930"]
[Result "1-0"]
[Round "1"]
1.e4 Ng8f6
2.e5 Nf6e4
3.d3 Ne4c5
4.d4 Nc5e4
5.f3 e6
6.fxe4 Qd8h4
7.Ke2 Qh4xe4
8.Kf2 b6
9.Ng1f3 Bc8b7
10.Nb1c3 Qe4g6
11.Nf3h4 Bb7f3
12.Qd1xf3 Qg6xc2
13.Kg1 Nb8c6
14.Bf1d3 Nc6xd4
15.Qf3xa8 Ke7
16.Bd3xc2 { resign }
1-0

[Event "Tourn. n9332"]
[Site "www.chess-mail.com"]
[Date "2017.07.12"]
[Round "1"]
[White "Numanoid"]
[Black "Conde7"]
[WhiteElo "2500"]
[BlackElo "2860"]
[Result "1/2-1/2"]
[Round "1"]
1.e4 c5
2.Ng1f3 d6
3.d4 cxd4
4.Nf3xd4 Ng8f6
5.Nb1c3 a6
6.Bc1g5 Nb8d7
7.Qd1e2 b5
8.f4 e5
9.fxe5 dxe5
10.O-O-O Qd8b6
11.Nc3d5 Nf6xd5
12.exd5 Qb6g6
13.h4 Bf8c5
14.Nd4c6 O-O
15.g3 Rf8e8
16.Bf1g2 Bc5d6
17.Bg5e7 Nd7b6
18.Qe2f2 Bd6xe7
19.Nc6xe7 Re8xe7
20.d6 Re7b7
21.Bg2xb7 Bc8xb7
22.Qf2xb6 Bb7xh1
23.Qb6c7 Qg6h6
24.Kb1 Qh6f6
25.Rd1xh1 Ra8d8
26.Rh1d1 e4
27.Qc7b6 g6
28.a3 e3
29.Qb6xe3 { draw }
1/2-1/2

[Event "Tourn. n9376"]
[Site "www.chess-mail.com"]
[Date "2017.07.12"]
[Round "1"]
[White "Falcoale"]
[Black "Orhany24"]
[WhiteElo "2010"]
[BlackElo "2230"]
[Result "0-1"]
[Round "1"]
1.e4 e5
2.Ng1f3 Nb8c6
3.Nb1c3 Ng8f6
4.Bf1c4 Bf8e7
5.O-O O-O
6.d4 exd4
7.Nf3xd4 d6
8.Nd4xc6 bxc6
9.Bc1e3 Bc8e6
10.Bc4d3 h6
11.Qd1e2 Nf6g4
12.Be3d2 Ng4e5
13.f3 Ne5xd3
14.cxd3 f5
15.e5 d5
16.f4 g5
17.fxg5 hxg5
18.d4 Kg7
19.Rf1f2 Rf8h8
20.Ra1c1 Qd8d7
21.Rc1f1 Ra8f8
22.Nc3a4 Kg6
23.Na4c3 Rh8h5
24.g4 Rh5h3
25.Qe2d1 f4
26.Qd1c2 Kg7
27.a3 Be6xg4
28.Rf1e1 Qd7e6
29.Qc2a4 Rf8h8
30.Qa4xa7 Qe6h6
31.Qa7xc7 Kf7
32.Nc3a4 Rh3xh2
33.e6 Kg6
34.Bd2xf4 Rh2h1
{ resign }
0-1

[Event "Tourn. n9420"]
[Site "www.chess-mail.com"]
[Date "2017.07.12"]
[Round "1"]
[White "Balbyns"]
[Black "Jazzy"]
[WhiteElo "2030"]
[BlackElo "2170"]
[Result "0-1"]
[Round "1"]
1.e4 e5
2.Ng1f3 Ng8f6
3.Nf3xe5 d6
4.Ne5f3 Nf6xe4
5.d4 Bf8e7
6.Bf1d3 Ne4f6
7.O-O O-O
8.h3 d5
9.Nb1c3 c5
10.dxc5 Be7xc5
11.Rf1e1 Nb8c6
12.Bc1g5 h6
13.Bg5h4 Bc8e6
14.a3 a6
15.b4 Bc5d6
16.Nc3e2 Rf8e8
17.Ne2d4 Nc6xd4
18.Nf3xd4 Be6d7
19.Qd1f3 Bd6e5
20.Nd4f5 Bd7xf5
21.Qf3xf5 Be5xa1
22.Re1xe8 Qd8xe8
23.Bh4xf6 Ba1xf6
{ resign }
0-1

[Event "Match"]
[Site "www.echecsemail.com"]
[Date "2017.07.12"]
[Round "1"]
[White "Pforjan"]
[Black "Billyg"]
[WhiteElo "1499"]
[BlackElo "1740"]
[Result "1-0"]
[Round "1"]
1.e4 e5
2.Ng1f3 d6
3.d4 Nb8d7
4.Bf1c4 h6
5.dxe5 dxe5
6.Bc4xf7 Kxf7
7.Nf3xe5 Ke8
8.Qd1h5 Ke7
9.Qh5f7 Kd6
10.Ne5c4 Kc6
11.Qf7d5 
1-0

[Event "Match"]
[Site "www.echecsemail.com"]
[Date "2017.07.12"]
[Round "1"]
[White "Cjood"]
[Black "Jackbauer"]
[WhiteElo "1860"]
[BlackElo "1890"]
[Result "1/2-1/2"]
[Round "1"]
1.Ng1f3 d5
2.b3 Nb8c6
3.Bc1b2 f6
4.e3 Bc8f5
5.d3 g6
6.h3 e5
7.g4 Bf5d7
8.Nf3d2 Ng8e7
9.Bf1g2 Bf8g7
10.e4 d4
11.Nd2c4 O-O
12.Nb1d2 b5
13.Nc4a3 a6
14.c4 b4
15.Na3c2 a5
16.Nd2f3 Ne7c8
17.O-O Nc8e7
18.a3 Qd8c8
19.a4 g5
20.Nf3d2 Kf7
21.Qd1e2 Ne7g6
22.Nc2e1 Ng6f4
23.Qe2f3 Ke7
24.Bg2h1 Bd7e8
25.Kh2 h6
26.Qf3g3 Nf4e2
27.Qg3f3 Ne2f4
28.Ne1g2 Nf4e6
29.Qf3f5 { draw }
1/2-1/2

[Event "Match"]
[Site "www.echecsemail.com"]
[Date "2017.07.12"]
[Round "1"]
[White "Nulladies"]
[Black "Cjood"]
[WhiteElo "1930"]
[BlackElo "1920"]
[Result "0-1"]
[Round "1"]
1.d4 d5
2.Bc1f4 Nb8c6
3.e3 Bc8f5
4.Ng1f3 Nc6b4
5.Bf1d3 Bf5xd3
6.cxd3 e6
7.a3 Nb4c6
8.Nb1d2 h6
9.Nf3e5 Nc6xe5
10.dxe5 g5
11.Bf4g3 d4
12.Qd1a4 c6
13.exd4 b5
14.Qa4d1 Qd8xd4
15.Ra1b1 Qd4xd3
16.Nd2f3 Qd3e4
17.Kf1 Ra8d8
18.Qd1e2 Qe4xb1
19.Nf3e1 Bf8c5
20.Qe2f3 Rd8d5
21.h4 gxh4
22.Bg3xh4 Rd5d1
23.Qf3xc6 Kf8
24.Qc6xc5 Kg7
25.Bh4f6 Kg6
26.Qc5e3 Ng8xf6
27.Qe3g3 Kh7
28.f4 Nf6e4
29.Qg3h4 Kg8
30.Qh4g4 Kf8
31.Qg4h4 Qb1d3
{ resign }
0-1

[Event "Match"]
[Site "www.echecsemail.com"]
[Date "2017.07.12"]
[Round "1"]
[White "Rindrandria"]
[Black "Ranjachess"]
[WhiteElo "1730"]
[BlackElo "1830"]
[Result "1-0"]
[Round "1"]
1.e4 d6
2.g4 h6
3.d4 Ng8f6
4.f3 a6
5.c4 Bc8d7
6.e5 Nf6g8
7.f4 b5
8.Bf1g2 c6
9.Bg2f3 e6
10.Bc1e3 bxc4
11.exd6 Bf8xd6
12.Qd1a4 Qd8b6
13.Nb1d2 Bd6b4
14.O-O-O c3
15.Nd2e4 cxb2
16.Kb1 c5
17.Qa4b3 Nb8c6
18.dxc5 Qb6b8
19.Ne4d6 Kf8
20.Nd6xf7 Kxf7
21.Rd1xd7 Nc6e7
22.f5 Ke8
23.Rd7b7 Qb8e5
24.Rb7xb4 Ne7d5
25.Qb3a4 Kf7
26.fxe6 Qe5xe6
27.Bf3xd5 Qe6xd5
28.Ng1f3 Qd5xf3
29.Rb4f4 Qf3xf4
30.Qa4xf4 Ng8f6
31.Rh1f1 Ra8c8
32.Qf4c4 Kg6
33.Qc4xa6 Rh8e8
34.Be3d4 Kh7
35.c6 Nf6xg4
36.Qa6b7 Re8g8
37.Rf1g1 Ng4xh2
38.Rg1xg7 Kh8
39.Rg7h7 
1-0

[Event "Match"]
[Site "www.echecsemail.com"]
[Date "2017.07.12"]
[Round "1"]
[White "Olivia"]
[Black "Drdoom"]
[WhiteElo "999"]
[BlackElo "1610"]
[Result "1-0"]
[Round "1"]
1.e4 e5
2.Ng1f3 Nb8c6
3.d4 exd4
4.Nf3xd4 Nc6xd4
5.Qd1xd4 b6
6.Qd4e5 Ng8e7
7.Bc1g5  { time }
1-0

[Event "Match"]
[Site "www.echecsemail.com"]
[Date "2017.07.12"]
[Round "1"]
[White "Dussek"]
[Black "Iko"]
[WhiteElo "1499"]
[BlackElo "1620"]
[Result "1-0"]
[Round "1"]
1.e4 e5
2.d4 exd4
3.Qd1xd4 Nb8c6
4.Qd4e3 Ng8f6
5.Nb1c3 Nc6b4
6.Qe3d2 a5
7.a3 Nb4c6
8.Ng1f3 d6
9.Bf1b5  { time }
1-0

[Event "Match"]
[Site "www.echecsemail.com"]
[Date "2017.07.12"]
[Round "1"]
[White "Biggles"]
[Black "Churrasca"]
[WhiteElo "2080"]
[BlackElo "1940"]
[Result "1-0"]
[Round "1"]
1.d4 Ng8f6
2.Nb1c3 d5
3.Bc1g5 e6
4.e4 Bf8e7
5.e5 Nf6d7
6.Bg5xe7 Qd8xe7
7.Ng1f3 O-O
8.Bf1d3 c5
9.h4 c4
10.Bd3xh7 Kxh7
11.Nf3g5 Kg8
12.Qd1h5 { resign }
1-0

[Event "Match"]
[Site "www.echecsemail.com"]
[Date "2017.07.12"]
[Round "1"]
[White "Cjood"]
[Black "Wagner"]
[WhiteElo "1980"]
[BlackElo "1820"]
[Result "1-0"]
[Round "1"]
1.e4 e5
2.Ng1f3 f6
3.Nf3xe5 Bf8d6
4.Qd1h5 g6
5.Ne5xg6 hxg6
6.Qh5xh8 Kf8
7.d4 Qd8e7
8.Bc1h6 { resign }
1-0

[Event "Match"]
[Site "www.echecsemail.com"]
[Date "2017.07.12"]
[Round "1"]
[White "Iko"]
[Black "Azocarfreund"]
[WhiteElo "1640"]
[BlackElo "1399"]
[Result "0-1"]
[Round "1"]
1.e4 e5
2.Ng1f3 Nb8c6
3.Bf1b5 Nc6d4
4.Nf3xd4 exd4
5.e5 Qd8e7
6.Qd1e2 c6
7.Bb5d3 Qe7e6
8.O-O d6
9.exd6 Qe6xe2
10.Bd3xe2 Bf8xd6
11.Rf1d1 b5
12.Rd1e1 Bc8e6
13.Be2g4 f5
14.Bg4xf5 Kd7
15.Bf5xe6 Kc7
 { time }
0-1

[Event "Fast Game"]
[Site "www.echecsemail.com"]
[Date "2017.07.12"]
[Round "1"]
[White "Cjood"]
[Black "Pellix84"]
[WhiteElo "1740"]
[BlackElo "1660"]
[Result "0-1"]
[Round "1"]
1.e4 c6
2.b3 d5
3.exd5 cxd5
4.Bc1b2 Nb8c6
5.Qd1f3 Qd8c7
6.Qf3xd5 Ng8f6
7.Bb2xf6 exf6
8.Bf1c4 Bc8e6
9.Qd5e4 f5
10.Qe4e3 Nc6e5
11.Bc4xe6 fxe6
12.Nb1c3 Bf8c5
13.Qe3g5 O-O
14.Qg5f4 Bc5b4
15.Nc3b5 Ne5d3
16.cxd3 Qc7xf4
{ resign }
0-1

[Event "Tourn. n9393"]
[Site "www.chess-mail.com"]
[Date "2017.07.13"]
[Round "1"]
[White "Bojan"]
[Black "Castletyme"]
[WhiteElo "1930"]
[BlackElo "1990"]
[Result "1-0"]
[Round "1"]
1.e4 e6
2.d4 d5
3.e5 Nb8c6
4.Ng1f3 h6
5.Bc1d2 Bc8d7
6.a3 Ng8e7
7.c4 dxc4
8.Bf1xc4 Ne7f5
9.Bd2c3 Nf5h4
10.Nb1d2 Nh4xg2
11.Kf1 Ng2h4
12.Rh1g1 Nh4f5
13.Nd2e4 Nf5h4
14.Qd1e2 Nh4xf3
15.Qe2xf3 Qd8e7
16.b4 a6
17.Ne4c5 Bd7c8
18.a4 Ra8b8
19.Ra1b1 Nc6a7
20.d5 exd5
21.Bc4xd5 b6
22.Nc5b3 Bc8d7
23.a5 bxa5
24.Nb3xa5 Bd7b5
25.Kg2 Qe7g5
26.Kh1 Qg5e7
27.Rb1d1 Rh8g8
28.Na5c6 Na7xc6
29.Bd5xc6 Bb5xc6
30.Qf3xc6 { resign }
1-0

[Event "Tourn. n9376"]
[Site "www.chess-mail.com"]
[Date "2017.07.13"]
[Round "1"]
[White "Wegaman"]
[Black "Bojan"]
[WhiteElo "2010"]
[BlackElo "2000"]
[Result "1-0"]
[Round "1"]
1.d4 g6
2.e4 Bf8g7
3.Ng1f3 d5
4.e5 a6
5.Nb1c3 c6
6.Bf1e2 e6
7.O-O f6
8.exf6 Qd8xf6
9.Bc1g5 Qf6f8
10.Rf1e1 Qf8d6
11.h3 Ng8e7
12.Qd1d2 Nb8d7
13.Bg5h4 Ne7f5
14.Ra1d1 Nf5xh4
15.Nf3xh4 Nd7f6
16.Nh4f3 O-O
17.Nf3e5 b5
18.a3 Nf6d7
19.f4 Bg7h6
20.Re1f1 c5
21.Be2g4 Nd7f6
22.Bg4f3 Nf6h5
23.Bf3xh5 gxh5
24.Qd2e2 Rf8f5
25.Qe2f2 c4
26.Qf2g3 Kf8
27.Qg3h4 Ra8a7
28.Nc3e2 Bh6g7
29.Ne2g3 Rf5f6
30.Qh4xh5 Rf6h6
31.Qh5f3 Kg8
32.Ng3h5 Qd6f8
33.c3 Bc8d7
34.Rd1e1 Bd7e8
35.Nh5g3 Bg7f6
36.Ne5g4 Rh6g6
37.Kh1 Bf6h4
38.Re1e5 Ra7f7
39.Re5h5 Bh4g5
40.f5 exf5
41.Ng4e5 Rf7g7
42.Ne5xg6 Rg7xg6
43.Qf3xd5 Kg7
44.Qd5xf5 Qf8e7
45.Qf5e5 Bg5f6
46.Ng3f5 Kf8
47.Nf5xe7 { resign }
1-0

[Event "Tourn. n9318"]
[Site "www.chess-mail.com"]
[Date "2017.07.13"]
[Round "1"]
[White "Ditto"]
[Black "Redapond1"]
[WhiteElo "1670"]
[BlackElo "1730"]
[Result "1-0"]
[Round "1"]
1.d4 d5
2.Ng1f3 Bc8f5
3.Bc1g5 Nb8c6
4.e3 e6
5.Bf1b5 f6
6.Bg5f4 Bf8d6
7.Bf4xd6 cxd6
8.O-O Qd8b6
9.Nb1c3 O-O-O
10.a4 Nc6b4
11.Ra1a3 Bf5xc2
12.Qd1e2 a6
13.a5 Qb6c7
14.Bb5a4 Bc2d3
15.Qe2d2 Bd3xf1
16.Kxf1 Ng8e7
17.Ba4b3 Ne7c6
18.Nc3e2 Rd8e8
19.Bb3d1 e5
20.Ne2c3 e4
21.Nf3e1 f5
22.Bd1b3 Re8e6
23.Nc3xd5 Nb4xd5
24.Bb3xd5 Re6g6
25.Ra3c3 Qc7xa5
26.Bd5f7 Rg6f6
27.Bf7c4 b5
28.Bc4d5 Kd7
29.Bd5xc6 Ke7
30.d5 b4
31.Rc3c1 g6
32.b3 Qa5b6
33.Ne1c2 a5
34.Nc2d4 h5
35.Bc6a4 Qb6a6
36.Ba4b5 Qa6b6
37.Rc1c6 Qb6b7
38.Qd2c2 g5
39.Rc6c7 Qb7xc7
40.Qc2xc7 { resign }
1-0

[Event "Tourn. n9440"]
[Site "www.chess-mail.com"]
[Date "2017.07.13"]
[Round "1"]
[White "Guidom"]
[Black "Madz123456"]
[WhiteElo "2070"]
[BlackElo "2010"]
[Result "0-1"]
[Round "1"]
1.e4 c5
2.Ng1f3 d6
3.d4 cxd4
4.Nf3xd4 Ng8f6
5.Bf1d3 Nb8c6
6.c3 e5
7.Nd4e2 d5
8.exd5 Qd8xd5
9.O-O Bc8e6
10.Bc1g5 O-O-O
11.Bd3c2 Qd5b5
12.Qd1e1 Qb5xb2
13.Qe1c1 Qb2xa1
14.c4 Qa1xa2
{ resign }
0-1

[Event "Tourn. n9424"]
[Site "www.chess-mail.com"]
[Date "2017.07.13"]
[Round "1"]
[White "Roque1"]
[Black "Bojan"]
[WhiteElo "2040"]
[BlackElo "2010"]
[Result "1-0"]
[Round "1"]
1.e4 e5
2.Ng1f3 d6
3.d4 exd4
4.Nf3xd4 g6
5.Bf1e2 Bf8g7
6.Bc1e3 Bc8d7
7.Nb1c3 a6
8.O-O c5
9.Nd4b3 Ng8e7
10.Qd1d2 Bd7c6
11.Ra1d1 Ne7c8
12.Be3xc5 Ke7
13.Qd2g5 f6
14.Qg5g3 b6
15.Bc5xd6 Nc8xd6
16.Rd1d3 Ra8a7
17.Be2g4 Qd8c7
18.Nb3d4 Bc6a8
19.Nd4e6 Qc7c6
20.Ne6xg7 Nb8d7
21.Rf1d1 Nd6xe4
22.Nc3xe4 f5
23.Ng7xf5 gxf5
24.Bg4xf5 Rh8f8
25.Bf5xd7 Qc6h6
26.Qg3e5 Kf7
27.Ne4g5 Kg6
28.Rd3d6 { resign }
1-0

[Event "Match"]
[Site "www.echecsemail.com"]
[Date "2017.07.13"]
[Round "1"]
[White "Olivia"]
[Black "Chapi"]
[WhiteElo "999"]
[BlackElo "2090"]
[Result "0-1"]
[Round "1"]
1.e4 c5
2.d4 cxd4
3.Qd1xd4 Nb8c6
4.Qd4e3 Ng8f6
5.e5 Nf6g4
6.Qe3e4 Ng4xe5
7.Ng1f3 d5
8.Qe4f4 g6
9.Nf3xe5 Bf8g7
10.Bf1b5 Qd8d6
11.Qf4xf7 Kd8
 { time }
0-1

[Event "Match"]
[Site "www.echecsemail.com"]
[Date "2017.07.13"]
[Round "1"]
[White "Paco"]
[Black "Carazo"]
[WhiteElo "1930"]
[BlackElo "1680"]
[Result "1-0"]
[Round "1"]
1.e4 e5
2.Ng1f3 Nb8c6
3.Bf1c4 h6
4.d4 Qd8e7
5.O-O b6
6.d5 Nc6d8
7.Nb1c3 d6
8.Bc1e3 Bc8g4
9.Bc4b5 Bg4d7
10.Qd1d3 Ng8f6
11.Bb5a6 g5
12.Nc3b5 Bd7xb5
13.Ba6xb5 c6
14.dxc6 Qe7c7
15.Qd3c4 Bf8e7
16.Qc4a4 a6
17.Bb5xa6 Nd8xc6
18.Nf3d2 O-O
19.Qa4b5 Nc6a7
20.Qb5xb6 Qc7xc2
21.Rf1c1 Qc2a4
22.Ba6c4 Rf8b8
23.Qb6a6 Qa4xa6
24.Bc4xa6 Be7d8
25.a4 Rb8xb2
26.Nd2c4 Rb2b4
27.Nc4xd6 Bd8e7
28.Nd6f5 Be7f8
29.Rc1c7 Ra8b8
30.g3 Rb4xe4
31.Rc7xa7 Nf6d5
32.Nf5xh6 Bf8xh6
33.Ra1d1 Nd5c3
34.Rd1d7 Kg7
35.Rd7xf7 Kg6
36.Ba6d3 Rb8b1
37.Kg2 Rb1b2
38.a5 Rb2a2
39.Rf7c7 Nc3b5
40.Bd3xe4 Kh5
41.g4 Kxg4
42.Be4f3 Kh4
43.Rc7c4 g4
44.Rc4xg4 Kh5
45.Kh3 Nb5xa7
46.Rg4g7 { resign }
1-0

[Event "Match"]
[Site "www.echecsemail.com"]
[Date "2017.07.13"]
[Round "1"]
[White "Guidom"]
[Black "Olivia"]
[WhiteElo "2120"]
[BlackElo "999"]
[Result "1-0"]
[Round "1"]
1.e4 c6
2.d4 d5
3.e5 e6
4.f4 Bf8b4
5.c3 Bb4a5
6.Ng1f3 Ng8e7
7.Bf1d3 Nb8a6
8.O-O c5
9.Bd3xa6 bxa6
10.dxc5 Ba5c7
11.b4 a5
12.a3 O-O
13.Nb1d2 Ne7f5
14.Nd2b3 Bc8a6
15.Rf1e1 Nf5h4
16.Nf3xh4 Qd8xh4
17.g3 Qh4h3
18.Qd1f3 a4
19.Nb3d4  { time }
1-0